00491nam a2200193 a 4500001001300000003000900013005001700022008004100039020000900080082001600089100002600105245003500131260003200166300000900198500003500207505001000242650001900252700002600271nice12345678IN_TiNIC20260116015207.0050524s1999 laha grp 000 0 urd  ac3000a922.97bOME aOmer, Mohammad Suhail aIqbaliyat, July-September 1999 aLahorebIqbal Academyc1999 a163p aincludes index and biblioraphy2 aindex aIqbal Muhammad1 aOmer, Mohammad Suhail